[Event "Amsterdam zt"]
[Site "Amsterdam"]
[Date "1978.??.??"]
[Round "1"]
[White "Morrison, Graham"]
[Black "Keogh, Eamon"]
[Result "1-0"]
[WhiteElo "2230"]
[BlackElo "2200"]

1.c4 Nf6 2.Nc3 e6 3.Nf3 d5 4.d4 Be7 5.Bf4 O-O 6.e3 c5 7.dxc5 Qa5 8.a3 dxc4
9.Bxc4 Qxc5 10.Qe2 Nc6 11.O-O Nh5 12.Bc7 Nf6 13.Bg3 Nh5 14.Bh4 Bxh4 15.Nxh4 Nf6
16.Rfd1 Qg5 17.Nf3 Qh5 18.Nd4 Qxe2 19.Bxe2 Bd7 20.Ndb5 Ne5 21.h3 Bc6 22.Nd4 Bd7
23.Nf3 Nxf3+ 24.Bxf3 Rac8 25.Rd6 Bc6 26.Bxc6 Rxc6 27.Rxc6 bxc6 28.Rc1 Nd5
29.Ne2 Rc8 30.Rc5 Kf8 31.Nd4 Ne7 32.b4 Ke8 33.Kf1 Kd7 34.Rg5 g6 35.Ra5 Rc7
36.Nb3 Nc8 37.Ke2 Ke7 38.Rc5 Nd6 39.Ra5 Nc4 40.Ra6 Nb6 41.Nd4 Kd7 42.f4 Nc8
43.Nf3 Nb6 44.g4 Kc8 45.Ne5 Kb7 46.Ra5 f6 47.Nd3 Nd7 48.g5 fxg5 49.Rxg5 Kb6
50.Nc5 Nxc5 51.Rxc5 Re7 52.h4 Kc7 53.h5 e5 54.Ra5 Kb6 55.fxe5 gxh5 56.Kf3 Rg7
57.Kf4 h4 58.e6 h3  1-0

[Event "HUN-ch"]
[Site "Budapest"]
[Date "1978.??.??"]
[Round "?"]
[White "Pinter, Jozsef"]
[Black "Kovacs, Laszlo M"]
[Result "1-0"]
[WhiteElo "2430"]
[BlackElo "2400"]

1.d4 Nf6 2.c4 e6 3.Nc3 d5 4.Nf3 Be7 5.Bf4 O-O 6.e3 c5 7.dxc5 Bxc5 8.Qc2 Nc6
9.Rd1 Qa5 10.a3 Be7 11.Nd2 e5 12.Bg5 d4 13.Nb3 Qb6 14.Bxf6 Bxf6 15.Nd5 Qd8
16.Bd3 g6 17.exd4 exd4 18.Nxf6+ Qxf6 19.O-O Rd8 20.Be4 Bg4 21.f3 Be6 22.Nc5 Na5
23.b3 Qe7 24.Nxe6 Qxe6 25.Rd3 Rac8 26.Qd2 b6 27.Bd5 Qf6 28.f4 Kh8 29.g4 Rc7
30.Rh3 Re7 31.g5 Qg7 32.Re1 Rde8 33.Rxe7 Rxe7 34.Rd3 Re3 35.Qd1 f5 36.b4 Qe7
37.Kf2 Qd6 38.Rxe3 dxe3+ 39.Kxe3 Nxc4+ 40.Kf3 Ne5+ 41.fxe5 Qxe5 42.Qd2 h6
43.gxh6 Kh7 44.Kg2 g5 45.h3  1-0

[Event "Buenos Aires ol (Men)"]
[Site "Buenos Aires"]
[Date "1978.??.??"]
[Round "?"]
[White "Piasetski, Leon David"]
[Black "Fedder, Steen"]
[Result "0-1"]
[WhiteElo "2410"]
[BlackElo "2400"]

1.c4 Nf6 2.Nc3 e6 3.Nf3 d5 4.d4 Be7 5.Bf4 O-O 6.Qc2 dxc4 7.e4 c5 8.Rd1 cxd4
9.Nxd4 Qa5 10.Bxc4 e5 11.Nb3 Qb4 12.Bb5 Bg4 13.f3 Rc8 14.Bxe5 Qxb5 15.Nxb5 Rxc2
16.Nc7 Rxc7 17.Bxc7 Be6 18.Bd6 Kf8 19.Nc5 Bxd6 20.Nxe6+ fxe6 21.Rxd6 Ke7
22.Rd3 e5 23.Rb3 b6 24.Rc3 Nbd7 25.Ke2 a5 26.Rc6 Ne8 27.Rd1 Ra7 28.Ke3 Nc7
29.g3 Ne6 30.f4 Rb7 31.Rc8 Nf6 32.h3 Nc5 33.fxe5 Nfxe4 34.g4 Ng5 35.h4 Nf7
36.Kf4 g6 37.Rc6 Nd7 38.Rc2 Nc5 39.g5 Rc7 40.Kg3 Ne4+  0-1

[Event "Buenos Aires ol (Men)"]
[Site "Buenos Aires"]
[Date "1978.??.??"]
[Round "?"]
[White "Keene, Raymond D"]
[Black "Jakobsen, Ole"]
[Result "1/2-1/2"]
[WhiteElo "2480"]
[BlackElo "2400"]

1.c4 e6 2.Nc3 d5 3.d4 Be7 4.Nf3 Nf6 5.Bf4 O-O 6.e3 c5 7.dxc5 Bxc5 8.Qc2 Nc6
9.Rd1 Qa5 10.a3 Be7 11.Nd2 e5 12.Bg5 d4 13.Nb3 Qd8 14.Be2 g6 15.Bxf6 Bxf6
16.O-O Bg7 17.Bf3 Qh4 18.Nd5 dxe3 19.fxe3 Bf5 20.e4 Bc8 21.Qf2 Qxf2+ 22.Rxf2 Nd4
23.Nxd4  1/2-1/2

[Event "Buenos Aires ol (Men)"]
[Site "Buenos Aires"]
[Date "1978.??.??"]
[Round "?"]
[White "Schussler, Harry"]
[Black "Hoen, Ragnar"]
[Result "1/2-1/2"]
[WhiteElo "2365"]
[BlackElo "2380"]

1.d4 Nf6 2.c4 e6 3.Nf3 d5 4.Nc3 Be7 5.Bf4 O-O 6.e3 c5 7.dxc5 Bxc5 8.cxd5 exd5
9.Be2 Nc6 10.O-O Be6 11.Nb5 a6 12.Nbd4 Qb6 13.Nxc6 bxc6 14.Be5 Ne4 15.Rc1 Rfc8
16.Nd4 Bxd4 17.Qxd4 c5 18.Qd3 f6 19.Bc3 Nxc3 20.bxc3 c4 21.Qd2 Rab8 22.Bf3 Rc5
23.Rfd1 Rb5 24.g3 a5 25.Rc2 a4 26.Qd4 Qxd4 27.Rxd4 a3 28.Rcd2 Rb2 29.Bxd5 Bxd5
30.Rxd5 Rxd2 31.Rxd2 Rb2 32.Rd4 Rxa2 33.Rxc4 Rc2 34.Kg2 Rc1 35.Ra4 Rxc3 36.Ra7  1/2-1/2

[Event "Buenos Aires ol (Women)"]
[Site "Buenos Aires"]
[Date "1978.??.??"]
[Round "?"]
[White "McGrath, Marion"]
[Black "Krumova, Velichka"]
[Result "0-1"]
[WhiteElo "2015"]
[BlackElo "2000"]

1.d4 d5 2.Nf3 Nf6 3.c4 e6 4.Nc3 Be7 5.Bf4 O-O 6.h3 c6 7.cxd5 exd5 8.e3 Nbd7
9.Bd3 Re8 10.O-O Nf8 11.a3 Ng6 12.Bh2 Bd6 13.Bxd6 Qxd6 14.b4 Bd7 15.Qc2 Rac8
16.Bxg6 hxg6 17.Ne5 Bf5 18.Qe2 Nd7 19.Nd3 Bxd3 20.Qxd3 Nb6 21.e4 dxe4 22.Nxe4 Qf4
23.Nc5 Re7 24.Rad1 Nd5 25.Qb3 Qg5 26.Nd3 Re2 27.Ne5 Rc7 28.Rd3 Qf5 29.Rf3 Qe4
30.Qd3 Qxd3 31.Rxd3 Nf4 32.Rdd1 f6 33.Nf3 Rce7 34.Kh2 Kf7 35.g3 Nd5 36.Kg2 Ne3+
37.Kg1 Nxd1 38.Rxd1 Rd7 39.Kf1 Re4 40.g4 g5 41.Rd3  0-1

[Event "URS-ch sf"]
[Site "Daugavpils"]
[Date "1978.??.??"]
[Round "?"]
[White "Averkin, Orest N"]
[Black "Klovans, Janis"]
[Result "1/2-1/2"]
[WhiteElo "2455"]
[BlackElo "2490"]

1.d4 d5 2.c4 e6 3.Nc3 Nf6 4.Nf3 Be7 5.Bf4 O-O 6.e3 b6 7.Qc2 Bb7 8.cxd5 exd5
9.Rd1 Nbd7 10.Bd3 c5 11.O-O c4 12.Bf5 g6 13.Bh3 a6 14.a4 Re8 15.Ne5 Bb4 16.g4 Nxe5
17.dxe5 Bxc3 18.Qxc3 Ne4 19.Qd4 Nc5 20.Bg2 Qc8 21.Bh6 b5 22.axb5 axb5 23.h3 Nb3
24.Qc3 Qe6 25.f4 Rad8 26.Rf2 d4 27.exd4 Bxg2 28.Kxg2 Qd5+ 29.Qf3 Qxf3+ 30.Rxf3 Nxd4
31.Bg5 Nxf3 32.Bxd8 Ne1+ 33.Rxe1 Rxd8 34.Kf3  1/2-1/2

[Event "URS-ch sf"]
[Site "Daugavpils"]
[Date "1978.??.??"]
[Round "?"]
[White "Kasparov, Gary"]
[Black "Lputian, Smbat G"]
[Result "1-0"]
[WhiteElo "2200"]
[BlackElo "2200"]

1.c4 e6 2.Nf3 d5 3.d4 Nf6 4.Nc3 Be7 5.Bf4 O-O 6.e3 c5 7.dxc5 Bxc5 8.Qc2 Nc6
9.Rd1 Qe7 10.a3 d4 11.Nxd4 Bxd4 12.exd4 Rd8 13.Be3 Ng4 14.Be2 e5 15.d5 Nd4
16.Bxd4 exd4 17.Qe4 Qh4 18.Qxd4 Re8 19.Rd3 Qh6 20.h3 Bf5 21.Rd2 Rad8 22.O-O Ne5
23.f4 Ng6 24.Qf2 b6 25.b4 Be4 26.Bd3 f5 27.Bxe4 fxe4 28.Re2  1-0

[Event "Esbjerg"]
[Site "Esbjerg"]
[Date "1978.??.??"]
[Round "10"]
[White "Forintos, Gyozo V"]
[Black "Rodgaard, John"]
[Result "1-0"]
[WhiteElo "2435"]
[BlackElo "2320"]

1.d4 e6 2.c4 d5 3.Nc3 Be7 4.Nf3 Nf6 5.Bf4 O-O 6.e3 Nbd7 7.a3 c6 8.Qc2 a6
9.c5 Nh5 10.Bd3 f5 11.h3 Re8 12.Bh2 Nhf6 13.O-O Ne4 14.Ne2 b6 15.b4 b5 16.a4 Bb7
17.axb5 axb5 18.Rxa8 Qxa8 19.Qb2 Ba6 20.Ra1 Qb7 21.Nf4 Nf8 22.Ne5 Ra8 23.Qc2 Bf6
24.Ne2 Qc8 25.g4 g6 26.Kg2 Ng5 27.Nc1 Nf7 28.Nb3 Nd7 29.f4 Bg7 30.Bg3 Nf6
31.Bh4 Ne4 32.Bxe4 fxe4 33.Qf2 Bb7 34.Na5 Nxe5 35.dxe5 Qd7 36.Bg5 Bc8 37.Rd1 Qe8
38.Qh4 Bd7 39.Rd2 Ra7 40.Be7 Ra8 41.Rf2 Ra7 42.Kh2 Qf7 43.Bd6 Ra8 44.Rg2 Be8
45.Qg3 Ra7 46.Qe1 Bd7 47.h4 Kh8 48.Nb3 Qe8 49.Nd4 Ra4 50.Ne2 Qa8 51.h5 gxh5
52.gxh5 Qe8 53.Qh4 h6 54.f5 exf5 55.Nf4 Qf7 56.Rg6 Ra2+ 57.Kh3 Ra1 58.e6 Bxe6
59.Qd8+ Qg8 60.Nxe6 Qxd8 61.Nxd8 d4 62.exd4 Bxd4 63.Nxc6 Bc3 64.Rg3 Rc1 65.Bf4 Rc2
66.Ne7 Kh7 67.Rg2 Rxg2 68.Kxg2 Bxb4 69.c6 Bxe7 70.c7  1-0

[Event "DSV-Turnier"]
[Site "Halle"]
[Date "1978.??.??"]
[Round "3"]
[White "Farago, Ivan"]
[Black "Giorgadze, Tamaz"]
[Result "1/2-1/2"]
[WhiteElo "2510"]
[BlackElo "2525"]

1.d4 Nf6 2.c4 e6 3.Nc3 d5 4.Nf3 Be7 5.Bf4 O-O 6.e3 c5 7.dxc5 Bxc5 8.Qc2 Nc6
9.Rd1 Qa5 10.a3 Be7 11.Nd2 e5 12.Bg5 d4 13.Nb3 Qd8 14.Be2 h6 15.Bh4 a6 16.O-O Be6
17.Bxf6 Bxf6 18.Nc5  1/2-1/2

[Event "Kiev"]
[Site "Kiev"]
[Date "1978.??.??"]
[Round "5"]
[White "Knezevic, Milorad"]
[Black "Lerner, Konstantin Z"]
[Result "1/2-1/2"]
[WhiteElo "2505"]
[BlackElo "2445"]

1.d4 d5 2.c4 e6 3.Nc3 Nf6 4.Nf3 Be7 5.Bf4 O-O 6.e3 c5 7.dxc5 Bxc5 8.a3 Nc6
9.Rc1 Re8 10.Be2 e5 11.Bg5 d4 12.exd4 Nxd4 13.Nxd4 Bxd4 14.O-O h6 15.Bh4 Bf5
16.Qb3 g5 17.Bg3 h5 18.h3 h4 19.Bh2 Qb6 20.Nb5 Bc5 21.Qf3 Be4 22.Qc3 Bg6
23.b4 Ne4 24.Qe1 Bd4 25.c5 Qc6 26.Nxd4 exd4 27.b5 Qf6 28.c6 bxc6 29.Rxc6 Re6
30.Rxe6 Qxe6 31.Qb4 Nc3 32.Bc4 Qd7 33.Be5 Re8 34.Bf6  1/2-1/2

[Event "Kiev"]
[Site "Kiev"]
[Date "1978.??.??"]
[Round "14"]
[White "Knezevic, Milorad"]
[Black "Velikov, Petar"]
[Result "1/2-1/2"]
[WhiteElo "2505"]
[BlackElo "2430"]

1.d4 Nf6 2.c4 e6 3.Nc3 d5 4.Nf3 Be7 5.Bf4 O-O 6.e3 Nbd7 7.c5 c6 8.Bd3 Nh5
9.O-O Nxf4 10.exf4 b6 11.b4 bxc5 12.bxc5 Qa5 13.Qd2 Bd8 14.Qc2 g6 15.Rab1 Ba6
16.Bxa6 Qxa6 17.Rb4 Bc7 18.Ra4 Qc8 19.g3 a5 20.Ra3  1/2-1/2

[Event "NLD-ch"]
[Site "Leeuwarden"]
[Date "1978.??.??"]
[Round "13"]
[White "Ree, Hans"]
[Black "Kuijpers, Franciscus Antonius"]
[Result "1-0"]
[WhiteElo "2500"]
[BlackElo "2415"]

1.c4 e6 2.Nc3 d5 3.d4 Be7 4.Nf3 Nf6 5.Bf4 O-O 6.e3 c5 7.dxc5 Bxc5 8.Qc2 Nc6
9.a3 Qa5 10.Rd1 Be7 11.Nd2 e5 12.Bg5 d4 13.Nb3 Qd8 14.Be2 Ng4 15.Bxe7 Qxe7
16.exd4 Qh4 17.g3 Qh3 18.d5 Nd4 19.Nxd4 exd4 20.Rxd4 Re8 21.Re4 Bd7 22.Bf1 Qh5
23.h3 f5 24.Re2 Ne5 25.f4 Nxc4 26.Kf2 Nd6 27.Bg2 Rac8 28.Rhe1 Ne4+ 29.Bxe4 fxe4
30.Rxe4 Qxh3 31.Rxe8+ Bxe8 32.Qe4 Qh2+ 33.Qg2 Qh6 34.Re6 Qh5 35.Re5 Qg6 36.Kg1 Bf7
37.Qf2 a6 38.Kg2 h6 39.Qd4 Qd6 40.Kf2 b5 41.Ne4 Qd7 42.Nc3 Qd6 43.Qa7 Rc7
44.Qb8+ Kh7 45.Kg2 g5 46.Rf5 Kg6 47.Rf6+ Qxf6 48.Qxc7 gxf4 49.gxf4 Kf5 50.Kf3 Bh5+
51.Ke3 Kg4 52.Qe5 Qb6+ 53.Ke4 b4 54.Nd1 bxa3 55.Ne3+ Kh4 56.Qe7+ Kg3 57.Nf5+ Kg2
58.Qxa3 Bg6 59.Qc3 Qf2 60.Ke5 h5 61.Ne3+ Kh2 62.d6 Be8 63.Qc2 Qxc2 64.Nxc2 h4
65.f5 h3 66.Ne3 Kg3 67.f6 Kf3 68.Nf1 Kg2 69.d7 Bxd7 70.f7 Kxf1 71.f8=Q+ Ke2
72.Qf4  1-0

[Event "Lvov zt"]
[Site "Lvov"]
[Date "1978.??.??"]
[Round "8"]
[White "Tukmakov, Vladimir B"]
[Black "Savon, Vladimir A"]
[Result "1-0"]
[WhiteElo "2560"]
[BlackElo "2560"]

1.d4 Nf6 2.c4 e6 3.Nf3 d5 4.Nc3 Be7 5.Bf4 c5 6.dxc5 Na6 7.Bd6 O-O 8.cxd5 exd5
9.e3 Bxd6 10.cxd6 Qxd6 11.Be2 Qb6 12.Qb3 Qxb3 13.axb3 Nb4 14.O-O Bd7 15.Rfd1 Rfc8
16.Ne1 Kf8 17.Bf3 Be6 18.Nd3 a5 19.h3 Ra6 20.g4 g5 21.Nxb4 axb4 22.Rxa6 bxa6
23.Nxd5 Nxd5 24.Bxd5 Rd8 25.Bf3 Rxd1+ 26.Bxd1 Ke7 27.f4 f6 28.Kf2 Kd6 29.Kf3 h6
30.Kg3 a5 31.h4 Bg8 32.hxg5 hxg5 33.Kf3 Bh7 34.e4 Bg8 35.Ke3 gxf4+ 36.Kxf4 Bh7
37.Bc2 Bg6 38.g5 fxg5+ 39.Kxg5 Bf7 40.Kf6 Bg8 41.e5+ Kd5 42.Bf5  1-0

[Event "CSR-ch"]
[Site "Marianske Lazne"]
[Date "1978.??.??"]
[Round "15"]
[White "Plachetka, Jan"]
[Black "Prandstetter, Eduard"]
[Result "0-1"]
[WhiteElo "2460"]
[BlackElo "2405"]

1.Nf3 d5 2.d4 Nf6 3.c4 e6 4.Nc3 Be7 5.Bf4 O-O 6.e3 c5 7.dxc5 Qa5 8.Nd2 dxc4
9.Nxc4 Qxc5 10.Rc1 Rd8 11.Qc2 Nc6 12.a3 Qf5 13.Be2 Qxc2 14.Rxc2 Bd7 15.Bc7 Rdc8
16.Bd6 Ne8 17.Bg3 Rd8 18.O-O Rac8 19.Rd1 Nf6 20.Rcd2 Be8 21.e4 Rxd2 22.Rxd2 Rd8
23.Rxd8 Bxd8 24.Nd6 Nd4 25.e5 Nd5 26.Bc4 Bc6 27.Nxd5 exd5 28.Bd3 Ne6 29.b4 a6
30.h4 h6 31.Kf1 g5 32.h5 Ng7 33.Be2 f6 34.Bg4 fxe5 35.Bxe5 Bc7 36.g3 Ne8
37.Be6+ Kf8 38.Nxe8 Bxe5 39.f4 gxf4 40.gxf4 Bb8 41.Nf6 Ke7  0-1

[Event "Kamen Piskov mem 2"]
[Site "Ruse"]
[Date "1978.??.??"]
[Round "10"]
[White "Lukacs, Peter"]
[Black "Merdinjan, Agop"]
[Result "1/2-1/2"]
[WhiteElo "2460"]
[BlackElo "2315"]

1.d4 Nf6 2.c4 e6 3.Nc3 d5 4.Nf3 Be7 5.Bf4 O-O 6.e3 b6 7.Bd3 Bb7 8.O-O c5
9.cxd5 exd5 10.dxc5 bxc5 11.Qe2 Qb6 12.Rac1 Nbd7 13.Rfd1 Rfd8 14.h3 Nf8 15.Be5 N8d7
16.Bh2 Rac8 17.Ne5 Nxe5 18.Bxe5 Qe6 19.Bg3 g6 20.a3 Bf8 21.Bb1 Bg7 22.Na4 c4
23.Nc3 Nd7 24.Bc2  1/2-1/2

[Event "Snekkersten"]
[Site "Snekkersten"]
[Date "1978.??.??"]
[Round "1"]
[White "Telling, K."]
[Black "Granberg, Niels"]
[Result "0-1"]
[WhiteElo "2200"]
[BlackElo "2200"]

1.Nf3 Nf6 2.c4 e6 3.Nc3 d5 4.d4 Be7 5.Bf4 O-O 6.e3 c5 7.dxc5 Bxc5 8.a3 Nc6
9.Qc2 Qa5 10.Nd2 Be7 11.Be2 e5 12.Bg5 d4 13.Nb3 Qb6 14.Na4 Qa6 15.Nd2 e4
16.Bxf6 d3 17.Qb3 gxf6 18.Bd1 f5 19.g4 Qa5 20.Rg1 f4 21.Qb5 fxe3 22.Qxa5 exf2+
23.Kxf2 Nxa5 24.b4 Bf6 25.Ra2 Bd4+ 26.Kg2 Bxg1 27.Kxg1 e3  0-1

[Event "Hastings7980"]
[Site "Hastings"]
[Date "1979.??.??"]
[Round "15"]
[White "Christiansen, Larry Mark"]
[Black "Giorgadze, Tamaz"]
[Result "1/2-1/2"]
[WhiteElo "2475"]
[BlackElo "2535"]

1.d4 d5 2.c4 e6 3.Nc3 Be7 4.Nf3 Nf6 5.Bf4 O-O 6.e3 b6 7.Be2 Bb7 8.cxd5 Nxd5
9.Nxd5 exd5 10.O-O c5 11.dxc5  1/2-1/2

[Event "Lodz"]
[Site "Lodz"]
[Date "1979.??.??"]
[Round "5"]
[White "Farago, Ivan"]
[Black "Zoltek, Tadeusz"]
[Result "1-0"]
[WhiteElo "2510"]
[BlackElo "2335"]

1.d4 d5 2.c4 e6 3.Nc3 Nf6 4.Nf3 Be7 5.Bf4 O-O 6.e3 c5 7.dxc5 Bxc5 8.Qc2 Nc6
9.Rd1 d4 10.Be2 Qb6 11.exd4 Nxd4 12.Nxd4 Bxd4 13.Na4 Qa5+ 14.Bd2 Qe5 15.Bc3 Bxc3+
16.Nxc3 Bd7 17.O-O Bc6 18.Qd2 h6 19.Rfe1 Rad8 20.Qxd8 Rxd8 21.Rxd8+ Ne8 22.Red1 Kf8
23.R8d4 a5 24.a3 Qc5 25.R4d2 Nf6 26.Bf1 Ng4 27.h3 Ne5 28.Rd4 f5 29.Na2 Ba4
30.b4 Qa7 31.R1d2 axb4 32.axb4 Bb3 33.Nc1 Bc2 34.Ne2 Bb3 35.Nf4 Kf7 36.Rd8 g5
37.Nxe6 Kxe6 38.Re8+ Kf6 39.Rd6+ Kf7 40.Rxe5 Qa1 41.Rxf5+ Ke7 42.Rfd5 Bxc4
43.Rd1 Qc3 44.Rd7+ Kf6 45.Bxc4 Qxc4 46.Rxb7 h5 47.b5 Qb3 48.Rc1 g4 49.hxg4 hxg4
50.g3 Qb2 51.Rbc7 Ke5 52.R7c2 Qb3 53.Rc5+ Kd6 54.Rg5 Qb2 55.Rc4 Qa1+ 56.Kg2  1-0

[Event "Lodz"]
[Site "Lodz"]
[Date "1979.??.??"]
[Round "7"]
[White "Lukacs, Peter"]
[Black "Pribyl, Josef"]
[Result "1/2-1/2"]
[WhiteElo "2420"]
[BlackElo "2420"]

1.d4 d5 2.c4 e6 3.Nc3 Nf6 4.Nf3 Be7 5.Bf4 O-O 6.e3 c5 7.dxc5 Bxc5 8.Qc2 Nc6
9.a3 Qa5 10.Rd1 Be7 11.Nd2 Qd8 12.Be2 e5 13.Bg5 d4 14.Nb3 h6 15.Bh4 a6 16.O-O Be6
17.Bxf6 Bxf6 18.Nc5 Bc8 19.Nd5 Be7 20.Nb3 Bd6 21.c5 Be6 22.Bf3 Bc7 23.Nxc7 Qxc7
24.exd4 Bxb3 25.Qxb3 Nxd4 26.Qxb7 Qxc5  1/2-1/2

[Event "Lodz"]
[Site "Lodz"]
[Date "1979.??.??"]
[Round "9"]
[White "Farago, Ivan"]
[Black "Pribyl, Josef"]
[Result "1/2-1/2"]
[WhiteElo "2510"]
[BlackElo "2420"]

1.d4 Nf6 2.c4 e6 3.Nc3 d5 4.Nf3 Be7 5.Bf4 O-O 6.e3 c5 7.dxc5 Bxc5 8.Qc2 Nc6
9.a3 Qa5 10.Rd1 Be7 11.Nd2 e5 12.Bg5 d4 13.Nb3 Qb6 14.Bxf6 Bxf6 15.Nd5 Qd8
16.Bd3 g6 17.Nxf6+ Qxf6 18.exd4 Nxd4 19.Nxd4 exd4 20.O-O Be6 21.f4 Rad8 22.f5 gxf5
23.Bxf5 Bxf5 24.Qxf5 Qxf5 25.Rxf5 Rfe8 26.Kf2 d3 27.Kf3 Rd6 28.h4  1/2-1/2

[Event "Munich+"]
[Site "Munich"]
[Date "1979.??.??"]
[Round "?"]
[White "Robatsch, Karl"]
[Black "Karpov, Anatoly"]
[Result "1/2-1/2"]
[WhiteElo "2435"]
[BlackElo "2705"]

1.c4 Nf6 2.Nc3 e6 3.Nf3 d5 4.d4 Be7 5.Bf4 O-O 6.e3 b6 7.cxd5 exd5 8.Rc1 a6
9.Bd3 Bb7 10.Ne5 c5 11.Qf3 Nc6 12.O-O Re8 13.Rfd1 cxd4 14.Nxc6 Bxc6 15.exd4 Qd7
16.Be5  1/2-1/2

[Event "Naleczow"]
[Site "Naleczow"]
[Date "1979.??.??"]
[Round "3"]
[White "Schussler, Harry"]
[Black "Prandstetter, Eduard"]
[Result "1-0"]
[WhiteElo "2460"]
[BlackElo "2385"]

1.d4 d5 2.c4 e6 3.Nc3 Nf6 4.Nf3 Be7 5.Bf4 O-O 6.e3 c5 7.dxc5 Qa5 8.a3 dxc4
9.Bxc4 Qxc5 10.Qe2 b6 11.O-O Bb7 12.Rac1 Qh5 13.Ne5 Qxe2 14.Bxe2 Rd8 15.Nb5 Nbd7
16.Rc7 Ba6 17.Nc6 Re8 18.Rd1 Bf8 19.Rdxd7 Nxd7 20.Rxd7 Rec8 21.Bc7 Bxb5 22.Bxb5 a6
23.Bf1 Bd6 24.Rxd6 Rxc7 25.Bxa6 Kf8 26.Bb5  1-0

[Event "Naleczow"]
[Site "Naleczow"]
[Date "1979.??.??"]
[Round "7"]
[White "Jamroz, Zbigniew"]
[Black "Prandstetter, Eduard"]
[Result "1/2-1/2"]
[WhiteElo "2345"]
[BlackElo "2385"]

1.d4 d5 2.c4 e6 3.Nc3 Nf6 4.Nf3 Be7 5.Bf4 O-O 6.e3 Nbd7 7.Bd3 c6 8.cxd5 exd5
9.h3 Re8 10.Qc2 Nf8 11.O-O-O Bd6 12.Bxd6 Qxd6 13.Kb1 Qe7 14.g4 Be6 15.Nh4 Ne4
16.Nf5 Bxf5 17.gxf5 Nxc3+ 18.Qxc3 Rac8 19.Rhg1 f6 20.Rg4 Qd6 21.Qa5 Ra8 22.Rdg1 Re7
23.h4 Kh8 24.Rc1 Nd7 25.Qd2 Nb6 26.a3 Qd7 27.Ka1 Nc8 28.Qe2 Nd6 29.Qf3 Rae8
30.Rcg1 b6 31.Qg2 Qb7 32.Qg3 Qd7 33.Qf3 Rd8 34.R4g2 Rc8 35.Qf4 c5 36.h5 h6
37.Rg6 Kh7 38.Qg3 Kh8 39.Qf4 Kh7  1/2-1/2

[Event "URS Spartakiad"]
[Site "URS"]
[Date "1979.??.??"]
[Round "?"]
[White "Popov, N."]
[Black "Klovans, Janis"]
[Result "1/2-1/2"]
[WhiteElo "2435"]
[BlackElo "2490"]

1.d4 Nf6 2.c4 e6 3.Nc3 d5 4.Nf3 Be7 5.Bf4 O-O 6.e3 b6 7.cxd5 exd5 8.Bd3 c5
9.Rc1 Nc6 10.Ne5 Bb7 11.O-O Nxe5 12.dxe5 Ne4 13.Qc2 f5 14.exf6 Nxf6 15.Be5 h6
16.Rcd1 Bd6 17.Bg3 Qe7 18.Rd2 Rad8 19.Rfd1 Bxg3 20.hxg3 Qe5 21.Be2 Rd7 22.Bf3 Rfd8
23.Ne2 Bc6 24.Nc3 Kf8 25.a3 Qe6 26.Ne2 Ne4 27.Nf4 Qf7 28.Bxe4 dxe4 29.Rxd7 Rxd7
30.Rxd7 Qxd7 31.Ng6+ Ke8 32.Ne5 Qd6 33.Nxc6 Qxc6 34.Qc4 Ke7 35.a4 Qe6 36.Qa6 Qd7
37.Kh2 Kf6 38.Qc4 Qe6 39.Qa6 Qe5 40.Qxa7 Qxb2 41.Qb7 Qb4  1/2-1/2

[Event "URS Spartakiad"]
[Site "URS"]
[Date "1979.??.??"]
[Round "?"]
[White "Ruderfer, Mark B"]
[Black "Butnorius, Algimantas"]
[Result "1/2-1/2"]
[WhiteElo "2400"]
[BlackElo "2400"]

1.Nf3 Nf6 2.c4 e6 3.Nc3 d5 4.d4 Be7 5.Bf4 O-O 6.e3 b6 7.cxd5 Nxd5 8.Nxd5 exd5
9.Bd3 c5 10.dxc5 bxc5 11.O-O Be6 12.Qc2 h6 13.Rfd1 Qb6 14.e4 Nc6 15.exd5 Nb4
16.Qe2 Nxd5 17.Be5 Nb4 18.Bc4 Rad8 19.a3 Nd5 20.h3 Rfe8 21.Qc2 Nf6 22.Bxe6 Qxe6
23.Rxd8 Rxd8 24.Re1 Qa6 25.Qe2 Qxe2 26.Rxe2 Rd1+ 27.Re1 Rxe1+ 28.Nxe1 Nd5
29.Kf1 c4 30.Nc2 f6 31.Bd4 a6 32.Ke2  1/2-1/2

[Event "URS Spartakiad"]
[Site "URS"]
[Date "1979.??.??"]
[Round "?"]
[White "Karpov, Anatoly"]
[Black "Giorgadze, Tamaz"]
[Result "1/2-1/2"]
[WhiteElo "2705"]
[BlackElo "2535"]

1.c4 e6 2.Nf3 d5 3.d4 Nf6 4.Nc3 Be7 5.Bf4 O-O 6.e3 b6 7.Be2 Bb7 8.O-O Nbd7
9.h3 c5 10.Bh2 a6 11.a4 Rc8 12.cxd5 Nxd5 13.Qb1 N7f6 14.Rd1 cxd4 15.Nxd5 Nxd5
16.Rxd4 Bc5 17.Rd2 Qe7 18.Bg3 Rfd8 19.Qf1 a5 20.Rad1 Bb4 21.Rd3 Bc6 22.Ra1 Nf6
23.Rxd8+ Rxd8 24.Rc1 Bc5  1/2-1/2

[Event "URS Spartakiad"]
[Site "URS"]
[Date "1979.??.??"]
[Round "?"]
[White "Zatulovskaya, Tatiana"]
[Black "Kozlovskaya, Valentina"]
[Result "1/2-1/2"]
[WhiteElo "2160"]
[BlackElo "2265"]

1.d4 Nf6 2.Nf3 e6 3.c4 d5 4.Nc3 Be7 5.Bf4 O-O 6.e3 c6 7.Bd3 Nbd7 8.h3 Re8
9.O-O Nf8 10.c5 N6d7 11.b4 Bf6 12.Be5 Bxe5 13.Nxe5 f6 14.Nxd7 Bxd7 15.e4 f5
16.e5 Qh4 17.f4 Re7 18.Kh2 g5 19.g3 Qh6 20.Qd2 gxf4 21.gxf4 Rg7 22.Rg1 Rxg1
23.Rxg1+ Ng6 24.Qf2 Kh8 25.Rg5 Qh4 26.Qxh4 Nxh4 27.Rg3 Ng6 28.Rf3 Be8 29.Rf2 Ne7
30.Rb2 a6 31.Be2 Kg7 32.Kg3 Kh6 33.Bf3 Bf7 34.Kf2 Ng6  1/2-1/2

[Event "FRG-ch"]
[Site "Bad Neuenahr"]
[Date "1980.??.??"]
[Round "?"]
[White "Lieb, Harald"]
[Black "Dankert, Peter"]
[Result "0-1"]
[WhiteElo "2310"]
[BlackElo "2345"]

1.Nf3 d5 2.d4 e6 3.c4 Nf6 4.Nc3 Be7 5.Bf4 O-O 6.e3 c6 7.cxd5 exd5 8.Bd3 Nbd7
9.h3 Re8 10.Qc2 Nf8 11.O-O-O Be6 12.Kb1 Rc8 13.g4 b5 14.Ne5 Qa5 15.Bf5 b4
16.Bxe6 Nxe6 17.Ne2 c5 18.dxc5 b3 19.Qxb3 Nxc5 20.Qc3 Qa6 21.Nd4 Nfe4 22.Qe1 f6
23.Nef3 Nd3 24.Qe2 Nexf2 25.Ne1 Rc1+ 26.Rxc1 Qxa2+ 27.Kxa2 Nxc1+ 28.Kb1 Nxe2
29.Rh2 Nxf4 30.exf4 Bc5 31.Nec2 Nd3 32.f5 Rb8 33.b3 Bxd4 34.Nxd4 Rb4 35.Ne6 Rxb3+
36.Ka2 Rc3 37.Rh1 a5 38.h4 Kf7 39.h5 h6 40.Rd1 a4 41.Nd8+ Ke7 42.Ne6 Nb4+
43.Kb2 Rb3+ 44.Ka1 a3 45.Rc1 Rb2 46.Nd4 Rd2 47.Nc6+ Nxc6 48.Rxc6 Rd4 49.Rc7+ Kf8
50.Rc8+ Kf7 51.Rc7+ Kg8 52.Rd7 Rxg4 53.Rxd5 Rg5 54.Ka2 Rxh5 55.Kxa3 Rh1 56.Kb4 Re1
57.Rd4 Kh7 58.Kc3 h5 59.Kd2 Re7 60.Rf4 Kh6 61.Rf1 Kg5 62.Kd3 h4  0-1

[Event "Biel"]
[Site "Biel"]
[Date "1980.??.??"]
[Round "?"]
[White "Toth, Bela"]
[Black "Gruenfeld, Yehuda"]
[Result "1/2-1/2"]
[WhiteElo "2390"]
[BlackElo "2455"]

1.d4 d5 2.c4 e6 3.Nc3 Be7 4.Nf3 Nf6 5.Bf4 O-O 6.e3 c5 7.dxc5 Bxc5 8.Qc2 Nc6
9.Rd1 Qa5 10.a3 Be7 11.Nd2 e5 12.Bg5 d4 13.Nb3 Qd8 14.Be2 a5 15.Bxf6 Bxf6
16.exd4 exd4 17.O-O g6 18.Nd5 Bg7 19.Nc5 Ne7 20.Bf3 Nxd5 21.Bxd5 Qb6 22.Nd3 Bf5
23.Rfe1 Rae8 24.b3 g5 25.g3 Rxe1+ 26.Rxe1 Qg6 27.Rd1 b6 28.Qe2 Qd6 29.a4 Bg6
30.Qg4 h6 31.h4 Qf6 32.hxg5 Qxg5 33.Qxg5 hxg5 34.Rd2 Re8 35.Kf1 Kf8 36.Ne1 Bb1
37.Nd3 f5 38.Kg2 Bf6 39.g4 fxg4 40.Kg3 Kg7 41.Kxg4 Rh8 42.f3 Rh1 43.Be4 Bxd3
44.Rxd3  1/2-1/2

[Event "Favorite"]
[Site "Hamburg"]
[Date "1980.??.??"]
[Round "1"]
[White "Schussler, Harry"]
[Black "Fries Nielsen, Jens Ove"]
[Result "1-0"]
[WhiteElo "2420"]
[BlackElo "2355"]

1.d4 d5 2.c4 e6 3.Nc3 Nf6 4.Nf3 Be7 5.Bf4 O-O 6.e3 a6 7.Rc1 Nbd7 8.c5 Ne4
9.Bd3 f5 10.h4 c6 11.b4 b6 12.a3 a5 13.g3 axb4 14.axb4 bxc5 15.bxc5 Qa5 16.Bxe4 fxe4
17.Ne5 Nxe5 18.Bxe5 Rf3 19.Kf1 Ba6+ 20.Kg2 Raf8 21.Bf4 Bd3 22.Qa4 Qxa4 23.Nxa4 g6
24.Nb6 e5 25.dxe5 Kf7 26.Nd7 Rd8 27.e6+ Kxe6 28.Ne5 Bb5 29.Nxf3 exf3+ 30.Kxf3 Rf8
31.Kg2 h5 32.Bg5 Bxg5 33.hxg5 Kf5 34.Rh4 Kxg5 35.Rd4 Ra8 36.e4 dxe4 37.Rxe4 Ra2
38.Re6 Rb2 39.Rce1 Rc2 40.R1e5+ Kh6 41.Rd6  1-0

[Event "Malta ol (Men)"]
[Site "La Valetta"]
[Date "1980.??.??"]
[Round "?"]
[White "Farago, Ivan"]
[Black "Gruenfeld, Yehuda"]
[Result "1-0"]
[WhiteElo "2505"]
[BlackElo "2455"]

1.d4 Nf6 2.c4 e6 3.Nc3 d5 4.Nf3 Be7 5.Bf4 O-O 6.e3 c5 7.dxc5 Bxc5 8.cxd5 Nxd5
9.Nxd5 exd5 10.a3 Nc6 11.Bd3 h6 12.O-O Bd6 13.Qa4 Bxf4 14.Qxf4 Be6 15.b4 Qb6
16.Rab1 Rac8 17.Rfc1 a6 18.Rc5 Ne7 19.Nd4 Rxc5 20.bxc5 Qxc5 21.Nxe6 fxe6
22.Bh7+ Kxh7 23.Qxf8 Qxa3 24.Qb8 b5 25.Qe5 Qd3 26.Rc1 b4 27.h3 Ng6 28.Qxe6 b3
29.Rc8 Nf8 30.Qe5 Nd7 31.Qb2 a5 32.Rc3 Qd1+ 33.Kh2 a4 34.Rc7 a3 35.Qxa3 Nf6
36.Qf8  1-0